Najlepsi strzelcy La liga - Statystyki

Ogólne statystyki
  • Ten quiz został rozwiązany 103 razy
  • Średni wynik to 9 z 25
Statystyki odpowiedzi
Ilość goli Zawodnik % Poprawnych
474 Messi
100%
311 Ronaldo
100%
176 Suárez
89%
238 Benzema
88%
228 Raúl
73%
227 di Stéfano
69%
185 Villa
58%
156 Puskás
56%
174 Griezmann
55%
162 Eto
53%
234 Sánchez
33%
147 Aspas
29%
158 Aduriz
22%
254 Zarra
16%
138 Kubala
12%
221 Rodríguez
12%
219 Quini
9%
186 Santillana
9%
214 Pahiño
8%
160 Aragonés
7%
152 Salinas
6%
139 Bakero
5%
182 Gorostiza
5%
195 Mundo
5%
146 Tamudo
5%
Nie znaleziono quizów pasujących do podanych kryteriów
Rozkład punktacji
Procent ludzi z każdym wynikiem
Percentyl według liczby udzielonych odpowiedzi
Twoja historia wyników
Nie rozwiązałeś tego quizu